LEADER 00872cam1 22002651 450 001 SOBE00038983 005 20140113090354.0 100 $a20140113g00009999|||||ita|0103 ba 101 $afre$alat 102 $aFR 200 1 $aActions et paroles mémorables$fValère Maxime$gtraduction nouvelle avec introduction et notes par Pierre Constant 210 $aParis$cGarnier 215 $av.$d19 cm 225 2 $aClassiques Garnier 410 1$1001LAEC00015826$12001 $a*Classiques Garnier 463 1$1001SOBE00038984$12000 $a1 463 1$1001SOBE00038985$12000 $a2 700 0$aValerius : Maximus$3A600200060644$4070$0175510 702 1$aConstant, Pierre$3SOBA00009023$4070 801 0$aIT$bUNISOB$c20140113$gRICA 912 $aSOBE00038983 940 $aM 102 Monografia moderna SBN 941 $aM 996 $aActions et paroles mèmorables$9528967 997 $aUNISOB